| 000 | 00458nam a22002057a 4500 | ||
|---|---|---|---|
| 001 | 21565 | ||
| 005 | 20260314165919.0 | ||
| 008 | 260314b |||||||| |||| 00| 0 spa d | ||
| 041 | _aESP | ||
| 082 |
_a946.083 _bS74 |
||
| 100 |
_aSpencer, Herbert _eAUT |
||
| 245 | _aEspaña cierta | ||
| 260 |
_a : _b , _c1977 |
||
| 300 |
_a246 páginas : _b ; _c29 cm. |
||
| 440 | _a ; | ||
| 650 | _aGEN | ||
| 654 | _aCHU | ||
| 700 | _a; | ||
| 942 |
_cLIB _dJUS _fJUS _2ddc |
||
| 999 |
_c21565 _d21565 |
||